[Event "Taufkirchen Innviertler-ch 21st"]
[Site "Taufkirchen"]
[Date "2019.08.24"]
[Round "2.1"]
[White "Traunwieser, Georg"]
[Black "Kuran, Wilfried"]
[Result "1-0"]
[WhiteElo "2089"]
[BlackElo "1837"]
[PlyCount "51"]
[EventDate "2019.08.23"]
[EventType "swiss"]
[EventRounds "5"]
[EventCountry "AUT"]
[SourceTitle "EXT 2024"]
[Source "ChessBase"]
[SourceDate "2023.10.10"]
[SourceVersion "1"]
[SourceVersionDate "2023.10.10"]
[SourceQuality "1"]

1. d4 Nf6 2. c4 d5 3. cxd5 Nxd5 4. e4 Nb6 5. Nc3 e6 6. Nf3 Be7 7. Bd3 N8d7 8. 0-0 0-0 9. Bf4 c6 10. Qe2 Re8 11. Rad1 Nf8 12. Bb1 Ng6 13. Bg3 Bd6 14. a3 a5 15. h4 Bxg3 16. fxg3 a4 17. Ng5 Qc7 18. e5 f5 19. exf6 gxf6 20. Rxf6 Qxg3 21. Bxg6 hxg6 22. Rxg6+ Kf8 23. Qf1+ Ke7 24. Qf6+ Kd7 25. Rg7+ Re7 26. Qxe7# 1-0

[Event "Oberoesterreich-ch op"]
[Site "Traun"]
[Date "2017.04.13"]
[Round "7"]
[White "Kuran, Wilfried"]
[Black "Kirchmayr, Wilhelm"]
[Result "0-1"]
[WhiteElo "1852"]
[BlackElo "1961"]
[PlyCount "82"]
[EventDate "2017.04.07"]
[EventType "swiss"]
[EventRounds "9"]
[EventCountry "AUT"]
[SourceTitle "EXT 2024"]
[Source "ChessBase"]
[SourceDate "2023.10.10"]
[SourceVersion "1"]
[SourceVersionDate "2023.10.10"]
[SourceQuality "1"]

1. e4 Nf6 2. Nc3 e6 3. Bc4 d5 4. exd5 exd5 5. Qe2+ Be7 6. Bb3 c6 7. d4 0-0 8. Bd2 Bf5 9. 0-0-0 Bd6 10. f3 b5 11. g4 Be6 12. Nb1 Nfd7 13. c3 Re8 14. Qf2 Nf8 15. h3 Nbd7 16. Ne2 Qc7 17. Be3 Nb6 18. Nd2 Nc4 19. Bg5 f6 20. Bh4 Bf7 21. Nf1 Bg6 22. Bxc4 bxc4 23. Rd2 Qa5 24. f4 Be4 25. Rh2 Qxa2 26. Kd1 Qa4+ 27. Ke1 Qa1+ 28. Rd1 Qxb2 29. Ne3 Bd3 30. Rd2 Qb1+ 31. Rd1 Qb2 32. Rd2 Qa1+ 33. Nd1 Rab8 34. Qf3 Rb1 35. Rf2 Bc2 36. Rf1 Rxd1+ 37. Rxd1 Qxd1+ 38. Kf2 Qxe2+ 39. Qxe2 Rxe2+ 40. Kg1 a5 41. f5 Bh2+ 0-1

[Event "Oberoesterreich-ch op"]
[Site "Traun"]
[Date "2017.04.09"]
[Round "3"]
[White "Kuran, Wilfried"]
[Black "Boksinski, Jordan"]
[Result "0-1"]
[WhiteElo "1852"]
[BlackElo "2038"]
[PlyCount "60"]
[EventDate "2017.04.07"]
[EventType "swiss"]
[EventRounds "9"]
[EventCountry "AUT"]
[SourceTitle "EXT 2024"]
[Source "ChessBase"]
[SourceDate "2023.10.10"]
[SourceVersion "1"]
[SourceVersionDate "2023.10.10"]
[SourceQuality "1"]

1. e4 e6 2. d4 d5 3. Nd2 c5 4. c3 Nc6 5. Bb5 cxd4 6. Bxc6+ bxc6 7. Qa4 dxc3 8. Qxc6+ Bd7 9. Qxc3 Rc8 10. Qe3 Bc5 11. Qg3 Nf6 12. e5 Nh5 13. Qg4 g6 14. Nb3 f5 15. Qf3 Bb4+ 16. Bd2 Bxd2+ 17. Kxd2 Bb5 18. Nh3 Qh4 19. Rhc1 Qb4+ 20. Kd1 0-0 21. g3 Ba4 22. Rxc8 Rxc8 23. Qe3 Qg4+ 24. Kd2 Qxh3 25. Qxa7 Qxh2 26. Ke3 f4+ 27. gxf4 Qxf4+ 28. Ke2 Bb5+ 29. Kd1 Qf3+ 30. Kd2 Qe2# 0-1

[Event "Oberoesterreich-ch op"]
[Site "Traun"]
[Date "2017.04.08"]
[Round "2"]
[White "Kuran, Wilfried"]
[Black "Schneider, Martin"]
[Result "1-0"]
[WhiteElo "1852"]
[BlackElo "2074"]
[PlyCount "71"]
[EventDate "2017.04.07"]
[EventType "swiss"]
[EventRounds "9"]
[EventCountry "AUT"]
[SourceTitle "EXT 2024"]
[Source "ChessBase"]
[SourceDate "2023.10.10"]
[SourceVersion "1"]
[SourceVersionDate "2023.10.10"]
[SourceQuality "1"]

1. e4 c5 2. Nf3 Nc6 3. d4 cxd4 4. Nxd4 Nf6 5. Nc3 d6 6. Bc4 e5 7. Nb3 Be7 8. Bg5 Be6 9. Bxf6 Bxc4 10. Bxe7 Nxe7 11. Qf3 0-0 12. Nd2 Ba6 13. 0-0-0 b5 14. Nb3 b4 15. Nd5 Nc6 16. Rd2 Bc4 17. Kb1 a5 18. Rhd1 a4 19. Nc1 Nd4 20. Rxd4 exd4 21. Rxd4 Bxd5 22. Rxd5 Ra5 23. Rd2 Re8 24. Qd3 Re6 25. f3 g5 26. Qd4 Qb8 27. Nd3 b3 28. a3 f5 29. Qc4 d5 30. exd5 bxc2+ 31. Rxc2 Rd6 32. Nb4 Qb6 33. Qc8+ Rd8 34. Qxf5 Qg1+ 35. Ka2 Qe3 36. Rc3 1-0

[Event "Berlin Lichtenberger op 15th"]
[Site "Berlin"]
[Date "2016.08.18"]
[Round "6"]
[White "Kuran, Wilfried"]
[Black "Schnabel, Ralf"]
[Result "0-1"]
[WhiteElo "1885"]
[BlackElo "2235"]
[PlyCount "84"]
[EventDate "2016.08.13"]
[EventType "swiss"]
[EventRounds "9"]
[EventCountry "GER"]
[SourceTitle "CBM 173 Extra"]
[Source "ChessBase"]
[SourceDate "2016.08.29"]
[SourceVersion "1"]
[SourceVersionDate "2016.08.29"]
[SourceQuality "1"]

1. e4 Nf6 2. e5 Nd5 3. d4 d6 4. c4 Nb6 5. exd6 cxd6 6. b3 g6 7. Nf3 Bg7 8. Bb2 Nc6 9. h3 0-0 10. Be2 Bf5 11. Na3 d5 12. c5 Nd7 13. Rc1 Bh6 14. Rc3 Nf6 15. g4 Be4 16. Nc2 Bf4 17. a3 Re8 18. b4 a6 19. Ne3 e5 20. Rb3 exd4 21. Bxd4 Nxd4 22. Qxd4 Qe7 23. 0-0 Rad8 24. Ng2 Bb8 25. Re3 Qc7 26. Nge1 Re6 27. Bd1 h5 28. g5 Nh7 29. h4 Nf8 30. Kg2 Ree8 31. Rh1 Ne6 32. Qf6 Nf4+ 33. Kg1 d4 34. Rxe4 Rxe4 35. Bb3 Nd5 36. Bxd5 Rxd5 37. Qb6 Qxb6 38. cxb6 d3 39. Ng2 d2 40. Nxd2 Rxd2 41. Ne3 Bf4 42. Rh3 Bxe3 0-1

[Event "Niederbayernliga 1516"]
[Site "Bayern"]
[Date "2015.10.11"]
[Round "1.6"]
[White "Kuran, Wilfried"]
[Black "Ertl, Helmut"]
[Result "1-0"]
[WhiteElo "1885"]
[BlackElo "1704"]
[PlyCount "57"]
[EventDate "2015.10.11"]
[EventType "team-tourn"]
[EventRounds "9"]
[EventCountry "GER"]
[SourceTitle "EXT 2023"]
[Source "ChessBase"]
[SourceDate "2022.10.05"]
[SourceVersion "1"]
[SourceVersionDate "2022.10.05"]
[SourceQuality "1"]
[WhiteTeam "Passau II"]
[BlackTeam "Deggendorf II"]
[WhiteTeamCountry "GER"]
[BlackTeamCountry "GER"]

1. e4 c5 2. Nf3 Nc6 3. d4 cxd4 4. c3 dxc3 5. Nxc3 d6 6. Bc4 e6 7. 0-0 Be7 8. Qe2 a6 9. a3 b5 10. Ba2 h6 11. b4 g5 12. Rd1 Qc7 13. Bb2 Ne5 14. Rac1 Qb7 15. Ne1 Nf6 16. Nd3 Nxd3 17. Rxd3 e5 18. Nd5 Be6 19. Rc7 Bxd5 20. Rxb7 Bxb7 21. f3 Rc8 22. Bb3 0-0 23. Qe3 Rc7 24. h4 Nh5 25. hxg5 Nf4 26. Rd1 hxg5 27. Qb6 Rfc8 28. Rd2 Nh5 29. Rxd6 1-0

[Event "Niederbayernliga 1314"]
[Site "Bayern"]
[Date "2014.??.??"]
[Round "6"]
[White "Kuran, Wilfried"]
[Black "Niedermeier, Johann"]
[Result "1-0"]
[WhiteElo "1812"]
[BlackElo "1728"]
[PlyCount "147"]
[EventDate "2013.10.13"]
[EventType "team-tourn"]
[EventRounds "9"]
[EventCountry "GER"]
[SourceTitle "EXT 2023"]
[Source "ChessBase"]
[SourceDate "2022.10.05"]
[SourceVersion "1"]
[SourceVersionDate "2022.10.05"]
[SourceQuality "1"]
[WhiteTeam "Passau II"]
[BlackTeam "Geiselhoering"]
[WhiteTeamCountry "GER"]
[BlackTeamCountry "GER"]

1. e4 e6 2. d4 d5 3. Nd2 dxe4 4. Nxe4 Be7 5. Nf3 Nf6 6. Ng3 c5 7. b3 Nc6 8. Bb2 0-0 9. Bc4 Qa5+ 10. c3 b5 11. Be2 cxd4 12. Nxd4 Nxd4 13. Qxd4 Rd8 14. Qe3 Nd5 15. Qc1 Bb7 16. 0-0 Rac8 17. c4 bxc4 18. bxc4 Ba6 19. Rd1 Nf6 20. Qe3 Bc5 21. Qf4 Be7 22. Rac1 Rxd1+ 23. Bxd1 Qe1+ 24. Nf1 Qe4 25. Qxe4 Nxe4 26. Bb3 Bc5 27. Ne3 Nd2 28. Rc2 Nxb3 29. axb3 Rb8 30. Rd2 f6 31. Rd3 Kf7 32. Bc1 Ke7 33. Kf1 Bb7 34. f3 g5 35. Nd1 Bb4 36. Be3 a5 37. Ke2 Ba6 38. Nb2 Bb7 39. Na4 Bc6 40. Bc5+ Bxc5 41. Nxc5 f5 42. Re3 Bd7 43. Kd2 Rb6 44. Kc3 Bc8 45. Re2 Kd6 46. Nd3 Ra6 47. Ra2 h5 48. Kd4 g4 49. f4 h4 50. Ne5 Bb7 51. h3 gxh3 52. gxh3 Ra8 53. c5+ Kc7 54. Nc4 Bd5 55. Rxa5 Rg8 56. Ra7+ Kc6 57. Ra6+ Kb7 58. Rb6+ Kc7 59. b4 Rg3 60. Ne3 Bb3 61. Ra6 Rf3 62. b5 Rxf4+ 63. Kc3 Rf3 64. Kxb3 Rxe3+ 65. Kb4 f4 66. Ra7+ Kc8 67. Rf7 e5 68. b6 Rd3 69. c6 Rd8 70. Ra7 Rd4+ 71. Kc5 Kd8 72. Rf7 Rd1 73. b7 Rc1+ 74. Kd6 1-0

[Event "Niederbayernliga 1314"]
[Site "Bayern"]
[Date "2013.??.??"]
[Round "1"]
[White "Hartmann, Martin1"]
[Black "Kuran, Wilfried"]
[Result "1-0"]
[WhiteElo "1713"]
[BlackElo "1812"]
[PlyCount "141"]
[EventDate "2013.10.13"]
[EventType "team-tourn"]
[EventRounds "9"]
[EventCountry "GER"]
[SourceTitle "EXT 2023"]
[Source "ChessBase"]
[SourceDate "2022.10.05"]
[SourceVersion "1"]
[SourceVersionDate "2022.10.05"]
[SourceQuality "1"]
[WhiteTeam "Grafenau"]
[BlackTeam "Passau II"]
[WhiteTeamCountry "GER"]
[BlackTeamCountry "GER"]

1. e4 c5 2. Nf3 g6 3. d4 cxd4 4. Nxd4 Bg7 5. c3 Nc6 6. Nxc6 bxc6 7. Nd2 Nf6 8. Bc4 0-0 9. 0-0 Qc7 10. Bb3 Bb7 11. Re1 c5 12. Bc2 Rad8 13. Qe2 e5 14. c4 Qc6 15. f3 Ne8 16. Nb3 Qb6 17. Be3 d6 18. Bd2 Rd7 19. Kh1 Qd8 20. Rad1 Qe7 21. Be3 Rc7 22. Nd2 Qe6 23. b3 Nf6 24. Bf2 Nh5 25. Nb1 Rd8 26. Nc3 a6 27. Qf1 f5 28. g3 Nf6 29. Qg2 Qc8 30. Kg1 Rf7 31. Qh3 Qa8 32. exf5 g5 33. Ne4 Bxe4 34. Bxe4 Qc8 35. g4 Kh8 36. Bd5 Ra7 37. Be6 Qb7 38. Bxc5 e4 39. Bd5 Nxd5 40. Rxd5 Raa8 41. Be3 Qe7 42. fxe4 Qxe4 43. Qg2 Qe7 44. Bf2 Be5 45. Kf1 Qf6 46. Red1 Re8 47. h3 h6 48. Qf3 Kh7 49. Qd3 Rac8 50. c5 dxc5 51. Bxc5 a5 52. Rd7+ Kh8 53. Qd5 Bc3 54. Rd6 Qg7 55. Rg6 Qc7 56. Rxh6+ Kg7 57. Rg6+ Kh7 58. Qd7+ Qxd7 59. Rxd7+ Kh8 60. Be7 Rg8 61. Rh6+ Kg7 62. Bxg5+ Kf8 63. Be7+ Ke8 64. Rb7 Be5 65. Re6 Bc7 66. Ba3+ Kd8 67. Rh6 Bf4 68. Rhh7 Bg5 69. Be7+ Bxe7 70. Rhxe7 Rf8 71. Rbd7# 1-0

[Event "Niederbayernliga 1112"]
[Site "Bayern"]
[Date "2012.??.??"]
[Round "7"]
[White "Yazici, Arda"]
[Black "Kuran, Wilfried"]
[Result "0-1"]
[WhiteElo "1803"]
[BlackElo "1834"]
[PlyCount "120"]
[EventDate "2011.10.??"]
[EventType "team-tourn"]
[EventRounds "9"]
[EventCountry "GER"]
[SourceTitle "EXT 2023"]
[Source "ChessBase"]
[SourceDate "2022.10.05"]
[SourceVersion "1"]
[SourceVersionDate "2022.10.05"]
[SourceQuality "1"]
[WhiteTeam "Bayerwald Regen"]
[BlackTeam "Passau II"]
[WhiteTeamCountry "GER"]
[BlackTeamCountry "GER"]

1. d4 d5 2. c4 Nf6 3. Nc3 c6 4. cxd5 cxd5 5. Bf4 Bd7 6. e3 g6 7. Nf3 Bg7 8. Qb3 Bc6 9. Ne5 Nbd7 10. Nxc6 bxc6 11. Ba6 e5 12. dxe5 Nc5 13. Qc2 Nfd7 14. Be2 0-0 15. 0-0 Ne6 16. Bg3 Nxe5 17. Rfd1 Qe7 18. Na4 Qb7 19. Rac1 Rfc8 20. b3 Nd7 21. Bf3 Bf8 22. h4 Ba3 23. Rb1 a5 24. h5 Ng7 25. hxg6 hxg6 26. Bg4 Ra6 27. Be2 Raa8 28. Bg4 Ra6 29. Be2 Ra7 30. Bf3 Nf5 31. Bf4 Nf8 32. g4 Ng7 33. Kg2 Nfe6 34. Be5 Qe7 35. Bg3 Rb7 36. Be2 Nc7 37. Rh1 Bd6 38. Bxd6 Qxd6 39. Nc5 Rb6 40. Na4 Rbb8 41. Rbc1 Nce6 42. Qd2 Rb4 43. Rh6 Ne8 44. Rch1 Kf8 45. f4 Ke7 46. g5 N8g7 47. Bg4 Rg8 48. Rf1 Nxg5 49. Qd1 Ne4 50. a3 Nf5 51. Kf3 Rxa4 52. Bxf5 gxf5 53. Rxd6 Rg3+ 54. Ke2 Nc3+ 55. Kd2 Nxd1 56. bxa4 Nxe3 57. Rxc6 Nxf1+ 58. Ke2 Rxa3 59. Rc5 Ng3+ 60. Kd1 Rxa4 0-1

[Event "Niederbayernliga 1112"]
[Site "Bayern"]
[Date "2011.??.??"]
[Round "2"]
[White "Niedermeier, Johann"]
[Black "Kuran, Wilfried"]
[Result "0-1"]
[WhiteElo "1790"]
[BlackElo "1834"]
[PlyCount "150"]
[EventDate "2011.10.??"]
[EventType "team-tourn"]
[EventRounds "9"]
[EventCountry "GER"]
[SourceTitle "EXT 2023"]
[Source "ChessBase"]
[SourceDate "2022.10.05"]
[SourceVersion "1"]
[SourceVersionDate "2022.10.05"]
[SourceQuality "1"]
[WhiteTeam "Geiselhoering"]
[BlackTeam "Passau II"]
[WhiteTeamCountry "GER"]
[BlackTeamCountry "GER"]

1. d4 d5 2. Nf3 Nf6 3. Bf4 Nh5 4. Bg3 Nd7 5. e3 Nxg3 6. hxg3 g6 7. Bd3 Bg7 8. c3 Nf6 9. Qc2 0-0 10. Nbd2 Bd7 11. Ne5 Be6 12. 0-0-0 c5 13. dxc5 Qc7 14. Nef3 Qxc5 15. Nb3 Qb6 16. Nbd4 Bg4 17. Rde1 Rac8 18. Qb3 Qc7 19. Nc2 Rfd8 20. Nfd4 e5 21. Nb5 Qb8 22. Nba3 Be6 23. Qa4 e4 24. Be2 a6 25. Nd4 Bg4 26. Qd1 h5 27. Kb1 b5 28. Nac2 Bd7 29. a3 a5 30. Qd2 Rc7 31. Rc1 Rb7 32. Rhd1 Qe5 33. Nb3 Qc7 34. Nbd4 Rb6 35. Qe1 Qd6 36. Qd2 Rdb8 37. Ka1 b4 38. cxb4 axb4 39. Nxb4 Rxb4 40. axb4 Ba4 41. Rf1 Rxb4 42. Rc3 Nd7 43. Rfc1 Nb6 44. Ra3 Bd7 45. Rcc3 Na4 46. Rcb3 Rb8 47. Rxb8+ Qxb8 48. Bd1 Nb6 49. Qa5 Qd6 50. Be2 Bf8 51. Rb3 Nc8 52. Ba6 Ne7 53. Bb5 Bg4 54. Rc3 Qf6 55. Rc2 h4 56. gxh4 Qxh4 57. g3 Qf6 58. Qa6 Qe5 59. Be2 Bd7 60. Bb5 Bg4 61. Ka2 Bd1 62. Rd2 Bg4 63. Qb7 Qf6 64. Nc6 Nc8 65. Nd4 Bb4 66. Rc2 Nd6 67. Qa6 Be6 68. Nxe6 Qxe6 69. b3 Qf5 70. Bc6 Be1 71. Qa8+ Kg7 72. Bxd5 Bxf2 73. Qc6 Bxg3 74. Qxd6 Bxd6 75. Kb2 Qxd5 0-1

[Event "Landesliga Sued 0910"]
[Site "Bayern"]
[Date "2010.04.11"]
[Round "9.8"]
[White "Kuran, Wilfried"]
[Black "Wachelka, Artur"]
[Result "1-0"]
[WhiteElo "1810"]
[BlackElo "1854"]
[PlyCount "53"]
[EventDate "2009.10.18"]
[EventType "team-tourn"]
[EventRounds "9"]
[EventCountry "GER"]
[SourceTitle "EXT 2011"]
[Source "ChessBase"]
[SourceDate "2010.11.26"]
[SourceVersion "1"]
[SourceVersionDate "2010.11.26"]
[SourceQuality "1"]
[WhiteTeam "Passau II"]
[BlackTeam "Muenchen Zugzwang"]
[WhiteTeamCountry "GER"]
[BlackTeamCountry "GER"]

1. e4 c5 2. Nf3 Nc6 3. d4 cxd4 4. Nxd4 e6 5. Nc3 Qc7 6. Ndb5 Qb8 7. a4 a6 8. Na3 Nf6 9. Bd3 Be7 10. Be3 d5 11. exd5 exd5 12. Ne2 0-0 13. c3 Bd6 14. h3 Be6 15. Nc2 Ne5 16. Bd4 Re8 17. Ne3 Qd8 18. a5 Nfd7 19. Nf5 Bxf5 20. Bxf5 Qg5 21. Bxd7 Qxg2 22. Kd2 Nxd7 23. Rg1 Qe4 24. Rg4 Qf3 25. Bxg7 Nc5 26. Be5+ Kf8 27. Bxd6+ 1-0

[Event "Landesliga Sued 0910"]
[Site "Bayern"]
[Date "2010.02.07"]
[Round "6.8"]
[White "Sailer, Wolfgang"]
[Black "Kuran, Wilfried"]
[Result "1-0"]
[WhiteElo "2091"]
[BlackElo "1810"]
[PlyCount "67"]
[EventDate "2009.10.18"]
[EventType "team-tourn"]
[EventRounds "9"]
[EventCountry "GER"]
[SourceTitle "EXT 2011"]
[Source "ChessBase"]
[SourceDate "2010.11.26"]
[SourceVersion "1"]
[SourceVersionDate "2010.11.26"]
[SourceQuality "1"]
[WhiteTeam "Ingolstadt"]
[BlackTeam "Passau II"]
[WhiteTeamCountry "GER"]
[BlackTeamCountry "GER"]

1. d4 c5 2. Nf3 d6 3. dxc5 Qa5+ 4. Nc3 dxc5 5. e4 Bd7 6. Bc4 e6 7. Bd2 Qd8 8. 0-0 Nc6 9. e5 Nge7 10. Bg5 Qb8 11. Re1 Na5 12. Bb5 Nec6 13. Qd2 a6 14. Rad1 Qc7 15. Bf1 h6 16. Bh4 Ne7 17. Ne4 Nf5 18. Nd6+ Bxd6 19. exd6 Qb6 20. Be7 Nc6 21. Ne5 Nxe5 22. Rxe5 Nd4 23. Qc3 Rc8 24. b4 Rg8 25. bxc5 Nb5 26. Qe3 Qc6 27. c4 Nc7 28. Bd3 Qa4 29. Qf3 Bc6 30. Be4 Kd7 31. Bxc6+ bxc6 32. Rde1 Qxc4 33. Qxf7 Rce8 34. Bf6+ 1-0

[Event "Schwarzach op-B"]
[Site "Schwarzach"]
[Date "2009.08.19"]
[Round "5"]
[White "Kunow, Frank"]
[Black "Kuran, Wilfried"]
[Result "0-1"]
[WhiteElo "2032"]
[BlackElo "1873"]
[PlyCount "94"]
[EventDate "2009.08.15"]
[EventType "swiss"]
[EventRounds "9"]
[EventCountry "AUT"]
[SourceTitle "CBM 132 Extra"]
[Source "ChessBase"]
[SourceDate "2009.11.03"]
[SourceVersion "1"]
[SourceVersionDate "2009.11.03"]
[SourceQuality "1"]

1. d4 Nf6 2. Nf3 e6 3. Bg5 c5 4. e3 h6 5. Bh4 cxd4 6. exd4 Qb6 7. Qc1 Be7 8. c3 d6 9. Nbd2 Bd7 10. Nc4 Qc7 11. Bd3 0-0 12. Ncd2 Bc6 13. 0-0 Nbd7 14. c4 Rac8 15. b4 b6 16. Qb2 Rfe8 17. Rfe1 Bxf3 18. Nxf3 Nh5 19. Bxe7 Rxe7 20. Rac1 Nhf6 21. Nd2 e5 22. f4 Rb8 23. Re2 Kf8 24. Rce1 Rbe8 25. Bf5 exf4 26. Rxe7 Rxe7 27. Rxe7 Kxe7 28. Qc1 Nd5 29. Qe1+ Ne3 30. g3 Kf8 31. Bd3 b5 32. gxf4 Nxc4 33. Nf3 Nf6 34. Qc1 Nd5 35. a3 Nde3 36. Bxc4 Nxc4 37. Nd2 d5 38. Nb3 Qe7 39. Kf2 Qe4 40. Nc5 Qxd4+ 41. Kf3 h5 42. Nd7+ Kg8 43. Nc5 g6 44. Qe1 Nd2+ 45. Ke2 Ne4 46. Kf3 f5 47. Nxe4 Qxe4+ 0-1

[Event "Oberwart op-B"]
[Site "Oberwart"]
[Date "2009.07.15"]
[Round "5"]
[White "Knappitsch, Thomas"]
[Black "Kuran, Wilfried"]
[Result "1-0"]
[WhiteElo "1739"]
[BlackElo "1873"]
[PlyCount "67"]
[EventDate "2009.07.11"]
[EventType "swiss"]
[EventRounds "9"]
[EventCountry "AUT"]
[SourceTitle "CBM 131 Extra"]
[Source "ChessBase"]
[SourceDate "2009.09.03"]
[SourceVersion "2"]
[SourceVersionDate "2009.09.16"]
[SourceQuality "1"]

1. e4 e5 2. Nf3 d5 3. Nxe5 Bd6 4. d4 dxe4 5. Bc4 Bxe5 6. Qh5 Qe7 7. Qxe5 Qxe5 8. dxe5 Nc6 9. Nc3 Nxe5 10. Bb3 Bf5 11. Bf4 Ng6 12. Bxc7 Nf6 13. Bd6 Ne7 14. 0-0-0 Ng4 15. Rde1 e3 16. f3 Nf2 17. Rhg1 Bxc2 18. Bxc2 Nd5 19. Nxd5 0-0-0 20. Bf5+ Rd7 21. Rxe3 g6 22. Bxd7+ Kxd7 23. Bb4 Kc6 24. Ne7+ Kb5 25. Be1 Nd1 26. Kxd1 Rd8+ 27. Kc1 Rd4 28. Re5+ Kc4 29. b3+ Kd3 30. Ba5 Rc4+ 31. bxc4 Kd4 32. Rge1 b5 33. R1e4+ Kd3 34. Rd5# 1-0

[Event "Latschach op 23rd"]
[Site "Latschach"]
[Date "2007.08.11"]
[Round "1"]
[White "Jeric, Simon"]
[Black "Kuran, Wilfried"]
[Result "1-0"]
[WhiteElo "2304"]
[BlackElo "1916"]
[PlyCount "81"]
[EventDate "2007.08.11"]
[EventType "swiss"]
[EventRounds "9"]
[EventCountry "AUT"]
[SourceTitle "CBM 120 Extra"]
[Source "ChessBase"]
[SourceDate "2007.11.01"]
[SourceVersion "1"]
[SourceVersionDate "2007.11.01"]
[SourceQuality "1"]

1. c4 Nf6 2. Nc3 g6 3. g3 d6 4. Bg2 Bg7 5. b4 0-0 6. e3 Na6 7. Rb1 Rb8 8. Nge2 c5 9. a3 Nc7 10. 0-0 Bf5 11. e4 Bd7 12. b5 Qc8 13. Re1 Bh3 14. Bh1 Ne6 15. d3 Nh5 16. Nd5 Qd8 17. Bb2 Bh6 18. Bf3 Nhg7 19. Kh1 Ng5 20. Bg2 Bxg2+ 21. Kxg2 Qd7 22. Ng1 f6 23. f4 N5e6 24. Nf3 b6 25. a4 Ne8 26. Ra1 N6g7 27. e5 e6 28. Nxf6+ Nxf6 29. exf6 Nh5 30. Ng5 Nxf6 31. Nxe6 Rf7 32. d4 d5 33. dxc5 Re8 34. c6 Qd6 35. Ba3 Qb8 36. cxd5 Bxf4 37. Nxf4 g5 38. Ne6 Nh5 39. Qxh5 Qc8 40. Qxg5+ Kh8 41. Bb2+ 1-0

[Event "AUT-ch qual"]
[Site "Gmunden"]
[Date "2005.08.17"]
[Round "5"]
[White "Sepetavc, Walter"]
[Black "Kuran, Wilfried"]
[Result "1-0"]
[WhiteElo "2063"]
[BlackElo "1999"]
[PlyCount "141"]
[EventDate "2005.08.13"]
[EventType "swiss"]
[EventRounds "9"]
[EventCountry "AUT"]
[SourceTitle "CBM 107 Extra"]
[Source "ChessBase"]
[SourceDate "2005.09.01"]
[SourceVersion "1"]
[SourceVersionDate "2005.09.01"]
[SourceQuality "1"]

1. e4 c5 2. Nf3 Nc6 3. d4 cxd4 4. Nxd4 e5 5. Nb5 d6 6. N1c3 a6 7. Na3 Nf6 8. Bg5 b5 9. Bxf6 gxf6 10. Nd5 Bg7 11. Bd3 Be6 12. Qh5 Rb8 13. 0-0 Ne7 14. Rad1 Qd7 15. Ne3 Ng6 16. g3 0-0 17. f4 Qa7 18. Rde1 Ne7 19. Rf2 Rbd8 20. Nb1 d5 21. exd5 e4 22. Bxe4 f5 23. dxe6 fxe6 24. Bg2 b4 25. c3 Rd3 26. Rfe2 Ng6 27. Kh1 bxc3 28. bxc3 Qd7 29. Qf3 Rc8 30. Qb7 Rc7 31. Qxa6 Rd6 32. Qa8+ Kf7 33. Qf3 Rd3 34. Qf2 Bf6 35. Rd2 Rxd2 36. Qxd2 Qa4 37. Rd1 Nf8 38. Qc2 Qa7 39. Qe2 Nd7 40. c4 Nc5 41. Qh5+ Kg7 42. Qe2 Qb6 43. g4 Re7 44. gxf5 Kh8 45. Qf3 Rg7 46. fxe6 Nxe6 47. Nd5 Qb2 48. Nxf6 Qxf6 49. Nc3 Rg8 50. Nd5 Qb2 51. Qc3+ Qxc3 52. Nxc3 Nxf4 53. Bd5 Rb8 54. Nb5 h5 55. Rd4 Rf8 56. Rd2 h4 57. Rf2 h3 58. Kg1 Rf5 59. Kf1 Nxd5 60. cxd5 Rxd5 61. Rb2 Rd1+ 62. Kf2 Kg7 63. a4 Kf6 64. Ra2 Ke5 65. a5 Kf4 66. a6 Rh1 67. Ra4+ Ke5 68. a7 Rxh2+ 69. Kg3 Rb2 70. a8Q Rxb5 71. Qe8+ 1-0